000 01000nam a22002657a 4500
005 20111121165341.0
010 _aB-444735
020 _a9780791075357
_c295.00
020 _a5384907535
_c295.00
035 _aB-444735
037 _aBlue Berry/Ven
_bDPL
082 4 _a796.75
100 _aHerran, Joe
_937828
245 0 0 _akarting /
_cby Joe Herran and Ron Thomas
260 _aChelsea House Publishers
_c2004
270 _a1974 Sproul Road, Suite 400
_bBroomall
_ePA 19008-914
300 _a32p.
_bcol.ill
_c29cm.
490 _aAction Sports
_937829
700 _aThomas, Ron
_935975
710 _aThomas, Ron
_935967
942 _2ddc
_cCH
_h796.75
_mHER
999 _c58582
_d58582